000
00325nam a2200145Ia 4500
008
210210b1951 xxu||||| |||| 00| 0 eng d
041
_a
eng
082
_a
874/35
100
_a
JOSEPH MUNDASHERI
245
_a
Karindhiri
260
_a
_b
-
_c
1951
650
_a
Karindhiri
690
_a
Malayalam Criticism
906
_a
002619
999
_c
124589
_d
124589